000 00309nam a22001337a 4500
999 _c160263
_d160263
020 _a
082 _a
_b
100 _aSuresh Rituparna
245 _aMuktibodh ki kavya srishti/
_cby Suresh Rituparna.
260 _aDelhi:
_bRadhakrishan Prakashan,
_c2004.
300 _a127p.
650 _a
942 _cBK